000 00720cam a22002413a 4500
001 31294
003 PGUSA
005 20140828083657.0
008 100216s2010||||xxu|||||s|||||000 1 eng d
040 _aPGUSA
_beng
042 _adc
050 4 _aPT
100 1 _aDahn, Felix,
_d1834-1912
245 1 0 _aEin Kampf um Rom :
_bHistorischer Roman. Erster Band
_h[electronic resource] /
_cFelix Dahn
260 _bProject Gutenberg,
_c2010
506 _aPublic domain in the USA.
516 _aElectronic text
653 _aByzantine Empire -- Fiction
653 _aRome -- History -- Empire, 284-476 -- Fiction
830 0 _aProject Gutenberg
_v31294
856 4 0 _uhttp://www.gutenberg.org/ebooks/31294
942 _cEB
999 _c260549
_d260549